000 00344nam a2200133Ia 4500
008 130318s9999 xx 000 0 und d
020 _a817366269x
082 _a006.74P LER/P
100 _aLerdorf, Rasmus
245 _aPHP pocket reference
260 _bOreilly/Shroff Publishers and Distributors
_aMumbai
_c2000
300 _a114
650 _aPHP
999 _c127
_d127